Entraîneurs emblématiques de ligue 1 en images - Partie 1 - Statistiques

Statistiques générales
  • Ce quiz a été pris 84 fois
  • Le résultat moyen est 13 sur 20
Statistiques - réponses
Par images Hint Réponse % Correct
Girondins de Bordeaux, PSG, OL Laurent Blanc
100%
AS Monaco, OM Didier Deschamps
99%
RC Strasbourg, Valenciennes FC, PSG, RC Lens, EA Guingamp, Dijon FCO, Toulouse FC, FC Nantes Antoine Kombouaré
96%
AJ Auxerre, RC Lens Guy Roux
95%
Le Mans FC, LOSC, OM, OL Rudi Garcia
93%
SC Bastia, OGC Nice, Stade Rennais FC, LOSC, FC Metz, RC Strasbourg Frédéric Antonetti
84%
AS Monaco Leonardo Jardim
82%
AS Monaco, LOSC, OL, OGC Nice, ASSE Claude Puel
79%
FC Nantes, MHSC, Stade Brestois 29 Michel Der Zakarian
79%
SC Toulon, Girondins de Bordeaux, OM, RC Lens, AC Ajaccio, MHSC, Stade Rennais FC Rolland Courbis
68%
Stade Rennais FC, OL, PSG Paul Le Guen
63%
ASSE, Girondins de Bordeaux, Toulouse FC, FC Nantes, OM Élie Baup
62%
AS Cannes, Toulouse FC, EA Guingamp, FC Sochaux-Montbéliard, PSG, Stade Rennais FC, AS Monaco Guy Lacombe
50%
RC Lens, PSG, OL Gérard Houllier
47%
Girondins de Bordeaux, OM Raymond Goethals
38%
FC Nantes Jean-Claude Suaudeau
34%
ASSE, OL Robert Herbin
30%
Stade de Reims, ASSE, OGC Nice Albert Batteux
18%
OM, Girondins de Bordeaux, MHSC, SC Bastia Gérard Gili
17%
FC Metz, RC Lens Joël Muller
16%
Aucun quiz correspondant
Distribution des résultats
% des personnes avec chaque résultat
Percentile par nombre de réponses
Votre historique - résultats
Vous n’avez pas pris ce quiz